000 00548nam a22001937a 4500
003 OSt
005 20251205053058.0
008 251205b |||||||| |||| 00| 0 eng d
020 _a971-555-014-2.
040 _aDWCL-Main lib.
_cOC
082 _aFil. 530 On59 1993
100 _aOng Kian Koc
245 _aIntegrated science :
_b physics/
_cOng Kian Koc
260 _aManila :
_bDe La Salle University Press,
_cc1993.
300 _a187 p. ;
_c23 cm.
650 _aPhysics.
700 _aBee, Ching U.
942 _2ddc
_cBK - FIL
_hFil.
_n0
999 _c6939
_d6939